|
|
|
|
| LEADER |
00000nam a2200000 a 4500 |
| 001 |
UCZ1374 |
| 003 |
CL-VaPUC |
| 008 |
950824e19740000AG |||||||||||||||||spa|d |
| 082 |
0 |
4 |
|a 195
|b ROS
|2 21
|
| 100 |
0 |
|
|a Rosmini Serbati, Antonio
|e author
|9 327527
|
| 245 |
1 |
0 |
|a Breve esquema de los sistemas de filosofía moderna y de mi propio sistema
|
| 300 |
|
|
|a 91 p
|
| 942 |
|
|
|c BK
|
| 945 |
|
|
|d 19950824 00:00:00
|a aalvarez
|
| 260 |
|
|
|a Buenos Aires
|b Aguilar
|c 1974
|
| 650 |
|
7 |
|a IDEA
|2 CL-VaPUC
|9 308609
|
| 650 |
|
0 |
|a Filosofía
|9 223554
|
| 650 |
|
0 |
|a Teoría del conocimiento
|9 255038
|
| 650 |
|
0 |
|a Filosofía moderna
|9 258121
|
| 583 |
|
|
|a last modification
|c 19950824 00:00:00
|k Rodrigo Vera
|
| 999 |
|
|
|c 238127
|d 238125
|
| 952 |
|
|
|0 0
|1 0
|4 0
|6 195_000000000000000_ROS_1974
|7 0
|8 A
|9 248135
|a BIBEDU
|b BIBEDU
|d 2019-11-18
|i 3126781
|l 1
|o 195 ROS 1974
|p 3126781
|r 2024-11-27
|s 2024-11-21
|w 2019-11-18
|y BK
|k FIL
|